| 000 | 00721nam a2200241 i 4500 | ||
|---|---|---|---|
| 001 | 6941 | ||
| 003 | ES-MaACL | ||
| 005 | 20230906145128.0 | ||
| 007 | t| | ||
| 008 | 900713s1989 sp ||||1| spa d | ||
| 020 | _a84-345-8442-5 | ||
| 080 | _a621.375.826 | ||
| 100 | 1 |
_aHecht, Jeff. _962272 |
|
| 245 | 1 | 3 |
_aEl Rayo laser / _cJ. Hecht, D. Teresi. |
| 260 |
_aBarcelona : _bSalvat, _c1989. |
||
| 300 |
_a276 p. : _bil. ; _c19 cm. |
||
| 490 | 1 |
_aBiblioteca científica Salvat ; _v74 |
|
| 650 | 4 |
_aRayos láser- _vObras de divulgación. _916676 |
|
| 700 | 1 |
_aTeresi, Dick. _9109741 |
|
| 830 | 0 |
_aBiblioteca científica Salvat ; _v74 _9177703 |
|
| 852 |
_aES-MaACL _jL-14157 _bR.117745 _z. - rust. |
||
| 999 |
_c6941 _d6941 |
||